|
|
|
|
| LEADER |
01171nam a22003131a 4500 |
| 001 |
000036227 |
| 003 |
12522 |
| 005 |
20160329000000.0 |
| 008 |
160329s2008 000 fre |
| 041 |
|
|
|a fre
|
| 082 |
|
|
|a 448
|b SA-G
|2 SAISON 2
|
| 245 |
|
|
|a SAISON 2- Marie-Noëlle Cocton (Méthode de français + Cahier d’activités)/Tiếng Pháp 2A/Tiếng Pháp 2B /Tiếng Pháp 2C
|n SAISON 2
|
| 260 |
|
|
|c 2008
|
| 300 |
|
|
|a 141tr . : mh ; 30cm
|
| 650 |
|
|
|a SAISON 1- Marie-Noëlle Cocton (Méthode de français + Cahier d’activités), Tiếng Pháp 2A,Tiếng Pháp 2B , Tiếng Pháp 2C
|
| 852 |
|
|
|b Chuyên đề
|c Giáo trình
|
| OWN |
|
|
|a LNN
|
| AVA |
|
|
|a UDN50
|b LNN
|d 448 SA-G
|e available
|t Error 5001 Not defined in file expand_doc_bib_avail.
|f 2
|g 0
|h N
|i 0
|k 1
|
| 999 |
|
|
|a From the UDN01
|
| AVA |
|
|
|a UDN50
|b LNN
|d 448 SA-G
|e available
|t Error 5001 Not defined in file expand_doc_bib_avail.
|f 2
|g 0
|h N
|i 0
|k 1
|
| TYP |
|
|
|a Monograph
|
| TYP |
|
|
|a Printed language
|
| 980 |
|
|
|a Mạng thư viện Đại học Đà Nẵng
|